00831nam a2200229 a 450000100100000000500170001000800410002702000150006804000250008308200180010810000470012624500560017326000390022930000310026849000270029950400370032660000740036383000340043704900090047195201040048099900170058400001945720200929170025.0100629s2006 es c 000 0 spa d a8497645758 aDO-SdBNPbspacBNPHU a923.46bC266D1 aDíaz Villanueva, Fernando,d1973-94178510aIsabel la Católica /cFernando Díaz Villanueva. aMadrid, España :bEdimat,c2006. a190 p. :bretrs. ;c22 cm.1 aMujeres en la historia aIncluye bibliografías (p. 187)14aISABEL LA CATÓLICA,cREINA,cCONSORTE DE ARAGÓNd1474-1504941786 0aMujeres en la historia941760 aBNPD 001050718MOaRbRcCTd2010-06-29iLF1l0o923.46 C266Dp19457-10r2020-06-25w2020-06-25y1Z01 c18973d18973